MINE SAFETY AND LEGISLATION (Record no. 5396)

MARC details
000 -LEADER
fixed length control field 00418nam a22001817a 4500
005 - DATE AND TIME OF LATEST TRANSACTION
control field 20210712105721.0
008 - FIXED-LENGTH DATA ELEMENTS--GENERAL INFORMATION
fixed length control field 170401b xxu||||| |||| 00| 0 eng d
020 ## - INTERNATIONAL STANDARD BOOK NUMBER
ISBN 81-7956-004
041 ## - LANGUAGE CODE
Language code of text/sound track or separate title eng
082 ## - DEWEY DECIMAL CLASSIFICATION NUMBER
Classification number 622.334
100 ## - MAIN ENTRY--AUTHOR NAME
Personal name DAS,DR SAMIR .KUMAR
245 ## - TITLE STATEMENT
Title MINE SAFETY AND LEGISLATION
250 ## - EDITION STATEMENT
Edition statement 2nd
260 ## - PUBLICATION, DISTRIBUTION, ETC. (IMPRINT)
Name of publisher LOVELY PRAKSAN
Year of publication 2002
300 ## - PHYSICAL DESCRIPTION
Number of Pages 130
650 ## - SUBJECT ADDED ENTRY--TOPICAL TERM
Topical Term MINING
942 ## - ADDED ENTRY ELEMENTS (KOHA)
Koha item type Books
Holdings
Lost status Damaged status Collection code Home library Current library Shelving location Date acquired Source of acquisition Cost, normal purchase price Full call number Accession Number Koha item type
    MINING JRU Library JRU Library SHELF-100-D 13/03/2024 PURCHASE 120.00 622.334 21642 Books
    MINING JRU Library JRU Library SHELF-100-D 10/11/2023 PURCHASE 120.00 622.334 21643 Books
      JRU Library   SHELF-6-C 14/02/2023 PURCHASE 120.00 622.334 21644 Books
      JRU Library   SHELF-6-C 06/10/2018 Purchase 120.00 622.334 22460 Books
    MINING JRU Library JRU Library SHELF-100-D 06/10/2018 Purchase 120.00 622.334 22461 Books